Relatorio e contas da direcçao do Atheneu Commercial do Porto (Record no. 173086)

MARC details
000 -LEADER
campo de control de longitud fija 00583nam a22001695i 4500
001 - NÚMERO DE CONTROL
campo de control 173086
003 - IDENTIFICADOR DE NÚMERO DE CONTROL
campo de control ES-MaACL
005 - FECHA Y HORA DE LA ÚLTIMA TRANSACCIÓN
campo de control 20250902004326.0
008 - DATOS DE LONGITUD FIJA--INFORMACIÓN GENERAL
campo de control de longitud fija 091028s1896 po |||| | por d
110 2# - ENTRADA PRINCIPAL--NOMBRE DE ENTIDAD CORPORATIVA
Nombre de entidad corporativa o nombre de jurisdicción como elemento de entrada Ateneu Comercial do Porto
9 (RLIN) 2062
245 10 - MENCIÓN DEL TÍTULO
Título Relatorio e contas da direcçao do Atheneu Commercial do Porto
Resto del título : gerencia do anno de 1895.
260 ## - PUBLICACIÓN, DISTRIBUCIÓN, ETC.
Lugar de publicación, distribución, etc. Porto :
Nombre del editor, distribuidor, etc. [s.n.],
Fecha de publicación, distribución, etc. 1896 (
Fabricante Typ. de Arthur José de Soussa & Irmao)
300 ## - DESCRIPCIÓN FÍSICA
Extensión 88 p., [1] h. pleg. ;
Dimensiones 22 cm.
610 24 - PUNTO DE ACCESO ADICIONAL DE MATERIA--NOMBRE DE ENTIDAD CORPORATIVA
Nombre de entidad corporativa o nombre de jurisdicción como elemento de entrada Ateneu Comercial do Porto
9 (RLIN) 2062
852 ## - LOCALIZACIÓN
Ubicación ES-MaACL
Número de control de estantería T-871-F-10
Holdings
Estatus retirado Estado de pérdida Estado de daño No para préstamo Colección Biblioteca de origen Biblioteca actual Ubicación en estantería Fecha de adquisición Fuente de adquisición Total de préstamos Signatura topográfica completa Código de barras Visto por última vez Precio de reemplazo Tipo de ítem Koha
        Colección de folletos Biblioteca del Ateneo de Madrid Biblioteca del Ateneo de Madrid Depósito folletos 28/10/2009     T-871-F-10 1181619 23/02/2023 23/02/2023 Folleto